000 00667nam a22002057a 4500
005 20240806123150.0
010 _aB-760115
020 _a9788129138873
_c140.00
035 _aB-760115
037 _bGift
_adpl
082 _aS
245 _aJunior Classics-3:
_bthe call of the wild, moby dock or the whale, the little mermaid, animal farm /
260 _aNew Delhi
_bRed Turtle Rupa
_c2016
270 _a7/16, Ansari Road, Daryaganj
_bNew Delhi
_e110002
300 _a127p.
_c18cm(pbk)
490 _aJunor Clssics
_v20 Volumes
650 _a Children's literature.
_969562
942 _cCH
_2ddc
_mJUN
_hS
999 _c204870
_d204870